|
|
|
|
| LEADER |
01788nam a2200445 a 4500 |
| 001 |
nkc20112258519 |
| 003 |
CZ PrNK |
| 005 |
20250708100851.0 |
| 007 |
ta |
| 008 |
111206s2011 xr e p 000 0 ger |
| 015 |
|
|
|a cnb002258519
|
| 020 |
|
|
|a 978-80-244-2851-2
|q (brožovváno) :
|c neprodejné
|
| 035 |
|
|
|a (OCoLC)776511695
|
| 040 |
|
|
|a BOA001
|b cze
|d ABA001
|
| 043 |
|
|
|a e-xr---
|b e-xr-mr
|2 czenas
|
| 072 |
|
7 |
|a 821.112.2.09
|x Německá literatura, německy psaná (o ní)
|2 Konspekt
|9 11
|
| 072 |
|
7 |
|a 37.016
|x Učební osnovy. Vyučovací předměty. Učebnice
|2 Konspekt
|9 22
|
| 080 |
|
|
|a 821.112.2(437.32)
|2 MRF
|
| 080 |
|
|
|a (075.8)
|2 MRF
|
| 100 |
1 |
|
|a Fialová, Ingeborg,
|d 1961-
|7 xx0000983
|4 aut
|
| 245 |
1 |
0 |
|a Kurze Geschichte der deutschmährischen Literatur /
|c Ingeborg Fialová-Fürstová
|
| 250 |
|
|
|a 1. Aufl.
|
| 260 |
|
|
|a Olomouc :
|b Univerzita Palackého v Olomouci,
|c 2011
|
| 300 |
|
|
|a 112 s. ;
|c 21 cm
|
| 490 |
1 |
|
|a Beiträge zur deutschmährischen Literatur ;
|v Bd. 18
|
| 490 |
1 |
|
|a Učebnice
|
| 500 |
|
|
|a Nad názvem: Univerzita Palackého v Olomouci, Filozofická fakulta
|
| 504 |
|
|
|a Obsahuje bibliografii a bibliografické odkazy
|
| 650 |
0 |
7 |
|a moravská německá literatura
|7 ph676887
|2 czenas
|
| 650 |
0 |
9 |
|a Moravian German literature
|2 eczenas
|
| 655 |
|
7 |
|a učebnice vysokých škol
|7 fd133772
|2 czenas
|
| 655 |
|
9 |
|a textbooks (higher)
|2 eczenas
|
| 710 |
2 |
|
|a Univerzita Palackého.
|b Filozofická fakulta
|7 kn20010709373
|
| 810 |
2 |
|
|a Univerzita Palackého.
|t Učebnice
|0 s
|
| 830 |
|
0 |
|a Beiträge zur deutschmährischen Literatur
|0 s
|
| 910 |
|
|
|a BOA001
|b 2-1274.681
|b KPB-0000.225
|
| 990 |
|
|
|a BK
|
| 995 |
|
|
|a 01
|
| 991 |
|
|
|b 201112
|c NOV
|e n
|
| 996 |
6 |
|
|b 2610496310
|c 2-1274.681
|l MZK
|r Sklad / do 1 hodiny
|n 9
|p p.v.
|w 001218799
|u 000010
|a 1
|e BOA001
|j MZK50
|s P
|